El mensajero del rey /

Guardado en:
Autor Principal: Kizner, Mariana.
Otros Autores: Borlasca, Héctor; il.
Formato: Libro
Publicado: Buenos Aires : Ríos de Tinta, 2021.
Edición:2a ed.
Series:Huellas
Materias:
Etiquetas: Agregar Etiqueta
Sin Etiquetas, Sea el primero en etiquetar este registro!
LEADER 00710nam a22002415a 4500
001 CEM.cems019577
008 220926s2021##################000#0#####d
005 20220926133844.0
245 1 0 |a El mensajero del rey /  |c Mariana Kizner; ilustrado por Héctor Borlasca. 
250 |a 2a ed. 
260 |a Buenos Aires :  |b Ríos de Tinta,  |c 2021. 
300 |a 64 p. 
490 0 |a Huellas 
020 |a 9789871789788 
100 1 |a Kizner, Mariana. 
700 1 |a Borlasca, Héctor; il. 
082 0 4 |a A863.4 
653 |a Literatura 
653 |a Literatura argentina 
653 |a Literatura Infantil 
653 |a Novela 
653 |a Novela Infantil 
859 |a CEMS  |b BIB. CEMS - Inicial y Primaria  |h A863.4  |i K639  |k IP  |p 6449  |t Ej.1